| 000 -NÁVESTIE |
| fixed length control field |
00388nam a2200169 4500 |
| 008 - ÚDAJE S PEVNOU DĹŽKOU – VŠEOBECNÉ INFORMÁCIE |
| fixed length control field |
190603s1994||||CZ d |
| 041 1# - KÓD JAZYKA |
| Kód jazyka textu/zvukovej stopy alebo samostatných nápisov |
cze |
| 044 ## - KÓD KRAJINY VYDAVATEĽA/PRODUCENTA |
| Kód krajiny MARC |
CZ |
| 020 ## - MEDZINÁRODNÉ ŠTANDARDNÉ ČÍSLO KNIHY (ISBN) |
| Údaje o dostupnosti |
0 |
| 100 1# - OSOBNÉ MENÁ – VŠEOBECNÉ INFORMÁCIE |
| Osobné meno |
Ernstová Drorri-Edith |
| -- |
1168 |
| 245 10 - NÁZOV |
| Názov |
OloupenÍ? právo na život |
| 260 ## - VYDAVATEĽSKÉ ÚDAJE, DISTRIBÚCIA ATĎ. |
| Miesto publikovania, distribúcie atď. |
Lovosice |
| Názov vydavateľa, distibútora atď. |
Helioprint |
| Dátum publikovania, distribúcie atď. |
1994 |
| 250 ## - ÚDAJ O PORADÍ VYDANIA |
| Údaj o poradí vydania |
2. vydanie |
| 300 ## - FYZICKÝ POPIS |
| Rozsah |
232 s. |
| 958 ## - Formálny deskriptor |
| Formálny deskriptor |
AZN |
| 958 ## - Formálny deskriptor |
| Formálny deskriptor |
A |